| 000 | 01079cam a22003015a 4500 | ||
|---|---|---|---|
| 001 | ocn920830199 | ||
| 003 | OSt | ||
| 005 | 20160329151853.0 | ||
| 008 | 130819s2015 enka frb 000 0 eng d | ||
| 020 | _a9781780766478 | ||
| 020 | _a1780766475 | ||
| 040 |
_aNLE _beng _cNLE _dBDX _dYDXCP _dFQG _dDGU _dOCLCF _dEG-ScBUE |
||
| 043 |
_aa-ir--- _ama----- |
||
| 082 | 0 | 4 |
_a327.550174927 _222 _bARA |
| 245 | 0 | 0 |
_aArab-Iranian relations / _cedited by Khair el-Din Haseeb. |
| 250 | _aNew paperback ed. | ||
| 260 |
_aLondon ; _aNew York : _bI. B. Tauris & Co. Ltd., _c2015. |
||
| 300 |
_axvi, 561 p. : _bill. ; _c24 cm. |
||
| 500 | _aOriginally published: 1998. | ||
| 504 | _aIncludes bibliographical references. | ||
| 650 | _2BUEsh | ||
| 651 | 0 |
_aIran _xForeign relations _zArab countries. _2BUEsh |
|
| 651 | 0 |
_aArab countries _xForeign relations _zIran. _2BUEsh |
|
| 653 |
_bBUSBOL _cMarch2016 |
||
| 700 | 1 |
_aHaseeb, K., _eeditor. |
|
| 787 | 0 | 8 |
_iOriginally published as: _tArab-Iranian relations. _dBeirut : Centre for Arab Unity Studies, c1998 _z1860641563 _w(OCoLC)40425177 |
| 942 | _2ddc | ||
| 999 |
_c21547 _d21519 |
||